| 000 | 00399nam a22001337a 4500 | ||
|---|---|---|---|
| 005 | 20180203113341.0 | ||
| 008 | 180102b xxu||||| |||| 00| 0 eng d | ||
| 040 | _cPK-LaUMT | ||
| 082 |
_aPKAC 304.6 _bPOP- |
||
| 245 |
_aPopulation theory and policy: selected readings/ _cJoseph J. Spengler and Otis Dudley Duncan(Eidtors) |
||
| 260 |
_a[ ] _bThe free press, _c1956 |
||
| 300 | _a522 p. | ||
| 942 | _cBK | ||
| 999 |
_c101259 _d101259 |
||